<?xml version="1.0" encoding="UTF-8"?>
<record
    xmlns:xsi="http://www.w3.org/2001/XMLSchema-instance"
    xsi:schemaLocation="http://www.loc.gov/MARC21/slim http://www.loc.gov/standards/marcxml/schema/MARC21slim.xsd"
    xmlns="http://www.loc.gov/MARC21/slim">

  <leader>01532nam a2200337 i 4500</leader>
  <controlfield tag="001">186300</controlfield>
  <controlfield tag="003">SpMaBN</controlfield>
  <controlfield tag="005">20231207131342.0</controlfield>
  <controlfield tag="008">161005r20081821sp acfh      |||| |dcat d</controlfield>
  <datafield tag="020" ind1=" " ind2=" ">
    <subfield code="a">978-84-96664-94-4</subfield>
  </datafield>
  <datafield tag="080" ind1=" " ind2=" ">
    <subfield code="a">615.91</subfield>
  </datafield>
  <datafield tag="100" ind1="1" ind2=" ">
    <subfield code="a">Orfila y Rotger, Mateo (</subfield>
    <subfield code="d">1787-1853)</subfield>
    <subfield code="9">130684</subfield>
  </datafield>
  <datafield tag="245" ind1="1" ind2="0">
    <subfield code="a">Ap&#xE8;ndix al sistema general de toxicologia o Tractat sobre verins minerals, vegetals i animals / </subfield>
    <subfield code="c">per Mateu Orfila ; traducci&#xF3;, Caterina Calafat i Ripoll ; pr&#xF2;leg, Carles Manera Erbina ; estudi preliminar i edici&#xF3;, Pere Ventayol i Aguil&#xF3;.</subfield>
  </datafield>
  <datafield tag="246" ind1="3" ind2="0">
    <subfield code="a">Tractat sobre verins, minerals, vegetals i animals</subfield>
  </datafield>
  <datafield tag="246" ind1="3" ind2="3">
    <subfield code="a">Appendix to the general system of toxicology</subfield>
  </datafield>
  <datafield tag="250" ind1=" " ind2=" ">
    <subfield code="a">2&#xAA; ed. facs.</subfield>
  </datafield>
  <datafield tag="260" ind1=" " ind2=" ">
    <subfield code="a">Palma (Mallorca) : </subfield>
    <subfield code="b">Govern de les Illes Balears, Conselleria d'Economia, Hisenda i Innovaci&#xF3;, </subfield>
    <subfield code="c">2008.</subfield>
  </datafield>
  <datafield tag="300" ind1=" " ind2=" ">
    <subfield code="a">136 p. con 21 l&#xE1;m. col. : </subfield>
    <subfield code="b">1 retr. ; </subfield>
    <subfield code="c">25 cm.</subfield>
  </datafield>
  <datafield tag="490" ind1="1" ind2=" ">
    <subfield code="a">La ci&#xE8;ncia a les Illes Balears ; </subfield>
    <subfield code="v">4</subfield>
  </datafield>
  <datafield tag="500" ind1=" " ind2=" ">
    <subfield code="a">&#xCD;ndice de l&#xE1;minas.</subfield>
  </datafield>
  <datafield tag="534" ind1=" " ind2=" ">
    <subfield code="p">Reprod. facs. de. </subfield>
    <subfield code="t">Appendix to the general system of toxicology,</subfield>
    <subfield code="c">London : E. Cox, 1821.</subfield>
  </datafield>
  <datafield tag="546" ind1=" " ind2=" ">
    <subfield code="a">Textos en catal&#xE1;n e ingl&#xE9;s.</subfield>
  </datafield>
  <datafield tag="650" ind1=" " ind2="7">
    <subfield code="a">Venenos.</subfield>
    <subfield code="9">136977</subfield>
  </datafield>
  <datafield tag="655" ind1=" " ind2="7">
    <subfield code="2">tgfbne</subfield>
    <subfield code="9">226495</subfield>
    <subfield code="a">Facs&#xED;miles</subfield>
  </datafield>
  <datafield tag="700" ind1="1" ind2=" ">
    <subfield code="a">Ventayol i Aguil&#xF3;, Pere.</subfield>
    <subfield code="9">161052</subfield>
  </datafield>
  <datafield tag="710" ind1="1" ind2=" ">
    <subfield code="a">Baleares (Comunidad Aut&#xF3;noma). </subfield>
    <subfield code="b">Gobierno.</subfield>
    <subfield code="9">2084</subfield>
  </datafield>
  <datafield tag="830" ind1="0" ind2=" ">
    <subfield code="a">La ci&#xE8;ncia a les Illes Balears ; </subfield>
    <subfield code="v">4</subfield>
    <subfield code="9">225395</subfield>
  </datafield>
  <datafield tag="852" ind1=" " ind2=" ">
    <subfield code="a">ES-MaACL</subfield>
    <subfield code="j">A-13924 </subfield>
    <subfield code="9">193355</subfield>
    <subfield code="b">R.151147</subfield>
    <subfield code="c">DEPO1</subfield>
    <subfield code="d">Olim: N-6924</subfield>
  </datafield>
  <datafield tag="942" ind1=" " ind2=" ">
    <subfield code="2">udc</subfield>
    <subfield code="c">MONOGRAFIA</subfield>
  </datafield>
  <datafield tag="999" ind1=" " ind2=" ">
    <subfield code="c">186300</subfield>
    <subfield code="d">186300</subfield>
  </datafield>
  <datafield tag="952" ind1=" " ind2=" ">
    <subfield code="0">0</subfield>
    <subfield code="1">0</subfield>
    <subfield code="2">udc</subfield>
    <subfield code="4">0</subfield>
    <subfield code="7">0</subfield>
    <subfield code="a">ATENEOM</subfield>
    <subfield code="b">ATENEOM</subfield>
    <subfield code="c">DEPO1</subfield>
    <subfield code="d">2016-10-05</subfield>
    <subfield code="e">DONACION</subfield>
    <subfield code="l">0</subfield>
    <subfield code="o">A-13924</subfield>
    <subfield code="p">1196431</subfield>
    <subfield code="r">2023-02-23 00:00:00</subfield>
    <subfield code="w">2023-02-23</subfield>
    <subfield code="y">MONOGRAFIA</subfield>
  </datafield>
</record>
